Szczegóły MARC21

Deportacje i przemieszczenia ludności polskiej w głąb ZSRR 1939-1945 : przegląd piśmiennictwa /

003 -Nazwa inst., której nr kontr. jest w polu 001 [,]
    • @
    • Nazwa instytucji, której n kontrolny jest w polu 001
    • NUKAT
005 -DATA I CZAS OSTATNIEJ MODYFIKACJI [,]
    • @
    • pole kontrolne
    • 20241231114342.0
020 -Międzynarod. znormalizowany nr książki - ISBN [ , ]
    • a
    • Numer ISBN
    • 8301094508 Find
040 -Instytucja sporządzająca opis [ , ]
    • a
    • Instytucja, która sporządziła opis (NP)
    • GD PAN/KM
    • b
    • Język katalogowania
    • pol
    • e
    • Zasady katalogowania
    • rda
    • c
    • Instytucja, która sporządziła rekord (NP)
    • GD PAN/KM
    • d
    • Instytucja, która zmodyfikowała rekord (P)
    • GD PAN/EC
    • d
    • Instytucja, która zmodyfikowała rekord (P)
    • GD PAN/JMSs
    • d
    • Instytucja, która zmodyfikowała rekord (P)
    • KAT U/SNs
    • d
    • Instytucja, która zmodyfikowała rekord (P)
    • GL 001/FMM
942 -Rodzaj dokumentu [ , ]
    • c
    • Rodzaj dokumentu
    • Książka
245 -Strefa tytułu i oznaczenia odpowiedzialności [0,0]
    • a
    • Tytuł
    • Deportacje i przemieszczenia ludności polskiej w głąb ZSRR 1939-1945 : Find
    • b
    • Ciąg dalszy tytułu (NP)
    • przegląd piśmiennictwa / Find
    • c
    • Pozostałe elementy strefy tytułu i oznaczenia odpowiedzialności (NP)
    • pod redakcją Tadeusza Walichnowskiego ; wybór i opracowanie Grażyna Doktór, Kazimierz Podhorski, Teresa Staliś.
250 -Strefa wydania [ , ]
    • a
    • Oznaczenie wydania (NP)
    • Wydanie I.
260 -Strefa adresu wydawniczego [ , ]
    • a
    • Miejsce wydania (P)
    • Warszawa :
    • b
    • Nazwa wydawcy (P)
    • Państwowe Wydawnictwo Naukowe,
    • c
    • Data wydania (P)
    • 1989.
300 -Strefa opisu fizycznego [ , ]
    • a
    • Określenie formy książki i/lub objętość (NP)
    • 301, [2] strony ;
    • c
    • Format (NP)
    • 20 cm.
336 -Typ zawartości [ , ]
    • a
    • Termin opisujący typ zawartości
    • Tekst
    • b
    • Kod określający zawartość
    • txt
    • 2
    • Źródło (terminu i kodu)
    • rdacontent
337 -Typ mediów [ , ]
    • a
    • Tryb odtwarzania
    • Bez urządzenia pośredniczącego
    • b
    • Kod typu mediów
    • n
    • 2
    • Źródło (terminu i kodu)
    • rdamedia
338 -Typ/rodzaj nośnika [ , ]
    • a
    • Hasło opisujące typ nośnika
    • Wolumin
    • b
    • Kod typu nośnika
    • nc
    • 2
    • Źródło (terminu i kodu)
    • rdacarrier
504 -Uwaga dot. bibliogr. załącznikowej [ , ]
    • a
    • Uwaga dot. bibliografii załącznikowej
    • Indeks.
080 -Uniwersalna Klasyfikacja Dziesiętna [ , ]
    • 2
    • Identyfikator wydania tablic
    • UDC-P058
    • 9
    • UKD
    • 7032
    • a
    • Symbol klasyfikacji
    • 94(438).082.5*
    • b
    • Dopowiedzenie
    • Działania radzieckie (stalinowskie) przeciw Polsce i obywatelom polskim. Wkroczenie wojsk radzieckich do Polski 17 września 1939 r. Internowania, deportacje, więzienia, obozy pracy (łagry). Katyń.
080 -Uniwersalna Klasyfikacja Dziesiętna [ , ]
    • 2
    • Identyfikator wydania tablic
    • UDC-P058
    • 9
    • UKD
    • 2258
    • a
    • Symbol klasyfikacji
    • 016
    • b
    • Dopowiedzenie
    • Bibliografie dziedzin i zagadnień.
650 -Hasło przedmiotowe [ ,7]
    • a
    • Hasło przedmiotowe
    • Deportacja
    • z
    • Określnik geograficzny
    • Związek Radziecki
    • y
    • Określnik chronologiczny
    • 1900-1945.
    • 2
    • Źródło terminu
    • kaba
    • 9
    • KHW
    • 372826
650 -Hasło przedmiotowe [ ,7]
    • a
    • Hasło przedmiotowe
    • Wojna światowa (1939-1945)
    • x
    • Określnik rzeczowy
    • deportacje z Polski
    • v
    • Określnik formalny
    • bibliografia.
    • 2
    • Źródło terminu
    • kaba
    • 9
    • KHW
    • 572679
650 -Hasło przedmiotowe [ ,7]
    • a
    • Hasło przedmiotowe
    • Deportowani polscy
    • z
    • Określnik geograficzny
    • Związek Radziecki
    • y
    • Określnik chronologiczny
    • 1900-1945
    • v
    • Określnik formalny
    • bibliografia analityczna.
    • 2
    • Źródło terminu
    • kaba
    • 9
    • KHW
    • 351005
650 -Hasło przedmiotowe [ ,7]
    • a
    • Hasło przedmiotowe
    • Wojna światowa (1939-1945)
    • x
    • Określnik rzeczowy
    • deportacje z Polski
    • v
    • Określnik formalny
    • bibliografia analityczna.
    • 2
    • Źródło terminu
    • kaba
    • 9
    • KHW
    • 351004
980 -Symbol UKD [ , ]
    • a
    • UKD
    • 94(438).082.5*:016
700 -Hasło dodatkowe - nazwa osobowa [1, ]
    • a
    • Nazwa osobowa (NP)
    • Walichnowski, Tadeusz Find
    • d
    • Daty biograficzne (NP)
    • (1928-2005).
    • e
    • Określenie rodzaju współpracy
    • Redakcja
    • 9
    • KHW
    • 15705
700 -Hasło dodatkowe - nazwa osobowa [1, ]
    • a
    • Nazwa osobowa (NP)
    • Doktór, Grażyna. Find
    • e
    • Określenie rodzaju współpracy
    • Redakcja
    • 9
    • KHW
    • 17557
700 -Hasło dodatkowe - nazwa osobowa [1, ]
    • a
    • Nazwa osobowa (NP)
    • Podhorski, Kazimierz. Find
    • e
    • Określenie rodzaju współpracy
    • Redakcja
    • 9
    • KHW
    • 17556
700 -Hasło dodatkowe - nazwa osobowa [1, ]
    • a
    • Nazwa osobowa (NP)
    • Staliś, Teresa. Find
    • e
    • Określenie rodzaju współpracy
    • Redakcja
    • 9
    • KHW
    • 14508
710 -Hasło dodatkowe - nazwa ciała zbiorowego [2, ]
    • a
    • Nazwa ciała zbiorowego lub nazwa geograficzna jako pierwszy element (NP)
    • Państwowe Wydawnictwo Naukowe (1951-1992).
    • e
    • Rodzaj współpracy
    • Wydawca
    • 4
    • Kod relacji
    • pbl
    • 9
    • KHW
    • 52048
920 -ISBN [ , ]
    • a
    • ISBN
    • 83-01-09450-8 Find
Data inwentaryzacji Lokalizacja Uwagi nie widoczne w OPAC Status udost. Sygnatura Numer inwentarzowy
BEprzepisany-2 E.58459
BGprzepisany1Z.75279Z.75279
BGprzepisany-3W.163447W.163447
BGprzepisany-3W.163447W.163448
BNSprzepisany1 H.1531
 BNSretrokonwersja ANS132W2.1/D-44ANS.172754
2008-05-07BNS -3 H.17708
 BNSprzepisany-3 F.20941
 BSAprzepisany1SA.3820SA.3820